Widok standardowy
Widok MARC
Pozycja Corporate Name
Liczba rekordów, w których użyto hasła: 1
001 - Numer kontrolny
- control field: 40464
003 - Identyfikator numeru kontrolnego
- control field: NUKAT
005 - Data i czas ostatniej modyfikacji
- control field: 20260424121247.0
008 - Dane kontrolne kodowane (40 znaków)
- fixed length control field: 071202n||aaznnbabn |a ana |c
010 ## - Numer kontrolny Biblioteki Kongresu
- numer kontrolny LC: s 2007244143
040 ## - Instytucja sporządzająca rekord
- inst. przygot. dane do rek. khw: WA U/WB
- język haseł przedmiotowych/tezaurus: kaba
- inst. wprow. rek. khw: WA U/WB
110 2# - Hasło - nazwa ciała zbiorowego
- nazwa ciała zbior. lub geogr. na pocz.: Polska Partia Socjalistyczna (1909-1919)
- określnik formy: programy.